Lectures on field theory and the many-body problem /

Guardado en:
Otros Autores: Caianiello, Eduardo R., 1921- (Editor )
Formato: Libro
Idioma:English
Publicado: New York : Academic Press, 1961.
Etiquetas: Agregar Etiqueta
Sin Etiquetas, Sea el primero en etiquetar este registro!
LEADER 00512nam a22001575a 4500
001 MAT.inmabb001465
008 031124s1961####nyu###########000#0#eng#d
005 20170816123330.0
245 0 0 |a Lectures on field theory and the many-body problem /  |c edited by E. R. Caianiello. 
260 |a New York :  |b Academic Press,  |c 1961. 
300 |a xiii, 327 p. ;  |c 24 cm. 
510 4 |a MR,  |c 23 #B843 
700 1 |a Caianiello, Eduardo R.,  |d 1921-  |4 edt 
084 |a 81.00  |2 MR 
010 |a  60016983  
859 |h 81  |i L471  |p A-1759  |b BIB. MATEMATICA